|
|
|
|
| LEADER |
01070nam a2200277 a 4500 |
| 001 |
4965548 |
| 008 |
120722s1998 cau b 001 0 eng d |
| 010 |
|
|
|a 97062102
|
| 020 |
|
|
|a 0804733627
|
| 020 |
|
|
|a 0804733635 (pbk.)
|
| 040 |
|
|
|a NcGU
|c NcGU
|d DLC
|d BD-DhAAL
|
| 082 |
0 |
0 |
|a 301/.01
|2 21
|
| 100 |
1 |
|
|a Bourdieu, Pierre,
|d 1930-2002.
|
| 240 |
1 |
0 |
|a Raisons pratiques.
|l English
|
| 245 |
1 |
0 |
|a Practical reason :
|b on the theory of action /
|c Pierre Bourdieu.
|
| 260 |
|
|
|a Stanford, Calif. :
|b Stanford University Press,
|c 1998.
|
| 300 |
|
|
|a xi, 153 p. ;
|c 24 cm.
|
| 500 |
|
|
|a First published in France as Raisons pratiques, 1994.
|
| 504 |
|
|
|a Includes bibliographical references and index.
|
| 541 |
|
|
|a 00025620
|
| 650 |
|
0 |
|a Action theory.
|
| 650 |
|
0 |
|a Practical reason.
|
| 650 |
|
0 |
|a Sociology
|x Philosophy.
|
| 852 |
1 |
|
|a Ayesha Abed Library
|j General shelf
|
| 999 |
|
|
|c 12593
|d 12593
|
| 952 |
|
|
|0 0
|1 0
|4 0
|6 301_010000000000000_BOU
|7 0
|9 20786
|a BRACUL
|b BRACUL
|c GEN
|d 2012-07-21
|e Riza Enterprize
|g 1885.00
|l 4
|m 34
|o 301.01 BOU
|p 3010025620
|r 2025-03-12
|s 2024-06-25
|t 1
|w 2012-07-21
|y BK
|